| 000 | 00462cam a22001934a 4500 | ||
|---|---|---|---|
| 005 | 20250605164248.0 | ||
| 008 | 250528s ||||||||||||||||||||||||d | ||
| 035 | _a21621 | ||
| 020 | _a9780273655787 | ||
| 040 |
_aGR-AtMCL _bgre _dGR-AtMCL _eAACR2 |
||
| 245 | 1 | _aINTRODUCTION TO OPERATIONS MANAGEMENT | |
| 250 | _a2 | ||
| 260 |
_bPrentice Hall, _c2002 |
||
| 300 | _a575 | ||
| 700 | 1 |
_aNaylor John _96357 |
|
| 942 | _cBK | ||
| 999 |
_c6682 _d6682 |
||